| 000 | 00980nam a22002297a 4500 | ||
|---|---|---|---|
| 005 | 20140731115044.0 | ||
| 010 | _aENG-110059 | ||
| 020 |
_a9789380607511 _c1250.00 |
||
| 035 | _aEN-93592 | ||
| 037 | _bDBAD/PUB | ||
| 082 | _a954 | ||
| 100 | _aIqbal Husain | ||
| 245 |
_aStudies in polity, economy and society of the trans-Gangetic Valley : _cby Iqbal Husain _bfifteenth-nineteenth centuries / |
||
| 260 |
_aDelhi _bPrimus Books _c2013 |
||
| 270 |
_aVirat Bhavan, Mukherjee Nagar Commercial Complex _bDelhi _e110009 |
||
| 300 |
_axxiv,432p. _c25cm(Hb) |
||
| 500 | _a Includes bibliographical references and index. | ||
| 505 | _apt. 1. Religion, ideology and education -- pt. 2. Documents and newsletters -- pt. 3. Historiography and local histories -- pt. 4. Diplomatic and archaeology -- pt. 5. Afghan settlements -- pt. 6. Biographies. | ||
| 520 | _a Papers presented at various seminars and conferences. | ||
| 700 | _a | ||
| 942 |
_2ddc _cEN _mIQB _h954 |
||
| 999 |
_c84456 _d84456 |
||